000 004250000a22001810004500
003 MACL
005 20160130114457.0
008 160130b xxu||||| |||| 00| 0 eng d
040 _aMACL
_cMACL
041 _aEnglish
082 _a741.642
100 _aparragon
_935765
245 _aMighty Machines
260 _bparragon
_c2010
_aIndonesia
350 _a250
650 _aChildren Book
_935766
942 _cBK
_k741.642
_2ddc
999 _c45784
_d45784